[Event "XI Miguel Najdorf Open A 2013"]
[Site "Warsaw POL"]
[Date "2013.08.12"]
[Round "8.10"]
[White "Sielicki,T"]
[Black "Adamski,J"]
[Result "0-1"]
[WhiteElo "1963"]
[BlackElo "2307"]

1.d4 Nf6 2.Bg5 Ne4 3.h4 c5 4.d5 Qb6 5.Nd2 Nxg5 6.hxg5 Qxb2 7.g6 fxg6 8.e4 d6
9.Rb1 Qc3 10.Nf3 e5 11.dxe6 Be7 12.Bc4 Nc6 13.Rb3 Qa5 14.Nh4 Rf8 15.Nf3 h6
16.Kf1 Rf6 17.e5 dxe5 18.Ne4 Rxe6 19.Bxe6 Bxe6 20.Re3 Rd8 21.Qa1 Qxa2 22.Qxa2 Bxa2
23.Ned2 b6 24.c4 Bg5 25.Ra3 Bxd2 26.Rxa2 Bc3 27.Ke2 e4 28.Nd2 Nb4 29.Rxa7 Rxd2+
30.Ke3 Rd4 31.Kf4 Rxc4 32.Rb1 Nd5+ 33.Kg3 Be5+ 34.Kh3 e3 35.fxe3 Rc3 36.Re1 Nxe3
37.g3 Kf8 38.Ra8+ Kf7 39.Ra7+ Kf8 40.Ra8+ Kf7 41.Ra7+ Kf6 42.Rb7 Nd5 43.Rf1+ Kg5
44.Rg1 h5 45.Rd7 Rd3 46.Kh2 h4 47.Kh1 hxg3 48.Re1 g2+ 49.Kg1 Bc3 50.Rc1 Bd2
51.Rc4 Be3+ 52.Kxg2 Nf4+  0-1

[Event "22nd ZMDI Open 2013"]
[Site "Dresden GER"]
[Date "2013.08.17"]
[Round "8.9"]
[White "Maiwald,JU"]
[Black "Zwahr,P"]
[Result "1/2-1/2"]
[WhiteElo "2468"]
[BlackElo "2363"]

1.d4 Nf6 2.Bg5 Ne4 3.Bf4 d5 4.e3 c5 5.Bd3 Nf6 6.dxc5 Nc6 7.Bb5 e6 8.b4 a5
9.c3 Bd7 10.Bxc6 Bxc6 11.Ne2 axb4 12.cxb4 b6 13.O-O bxc5 14.bxc5 Bxc5 15.Nbc3  1/2-1/2

[Event "28th Metropolitan GM"]
[Site "Los Angeles USA"]
[Date "2013.08.17"]
[Round "7"]
[White "Panjwani,R"]
[Black "Moradiabadi,E"]
[Result "1/2-1/2"]
[WhiteElo "2413"]
[BlackElo "2547"]

1.d4 Nf6 2.Bg5 Ne4 3.Bf4 c5 4.f3 Qa5+ 5.c3 Nf6 6.Nd2 cxd4 7.Nb3 Qb6 8.Qxd4 Nc6
9.Qxb6 axb6 10.Nd4 e5 11.Nxc6 dxc6 12.Bxe5 Be6 13.a3 b5 14.e4 b4 15.cxb4 Bxb4+
16.Kf2 Bc5+ 17.Ke1 Bb4+ 18.Kf2 Bc5+ 19.Ke1 Bb4+ 20.Kf2 Bc5+  1/2-1/2

[Event "47th Mislata Open"]
[Site "Mislata ESP"]
[Date "2013.08.17"]
[Round "8.3"]
[White "Laliena Solares,L"]
[Black "Sos Andreu,E"]
[Result "1/2-1/2"]
[WhiteElo "2162"]
[BlackElo "2229"]

1.d4 Nf6 2.Bg5 Ne4 3.Bf4 d5 4.e3 c5 5.Bd3 Nf6 6.c3 Nc6 7.Nd2 Qb6 8.Rb1 e6
9.h3 Be7 10.Ngf3 O-O 11.Ne5 cxd4 12.exd4 Nxe5 13.dxe5 Nd7 14.Qg4 f5 15.exf6 Bxf6
16.O-O Nc5 17.Qe2 Nxd3 18.Qxd3 e5 19.Be3 Qc6 20.Nb3 Be6 21.f4 d4 22.cxd4 Bc4
23.Qd2 exd4 24.Na5 Qe4 25.Nxc4 dxe3 26.Nd6 Qe6 27.f5 Qe5 28.Qd3 Rad8 29.Qc4+ Kh8
30.Nf7+ Rxf7 31.Qxf7 e2 32.Rfe1 Bh4 33.Qe6 Qd4+ 34.Kh1 Bxe1 35.Rxe1 Qxb2
36.Rxe2 Qc1+ 37.Kh2 h6 38.Qg6 Qc7+ 39.g3 Qc6 40.Qxc6 bxc6 41.Rc2 Rd6 42.Kg2 Kg8
43.Kf3 Kf7 44.Kf4 Ke7 45.g4 Rd4+ 46.Ke5 Rd5+ 47.Ke4 Kd6 48.h4 Re5+ 49.Kf4 Rd5
50.Ke4 Re5+ 51.Kf4 Ra5 52.Rd2+ Ke7 53.Rc2 Ra4+ 54.Ke5 Ra5+ 55.Kf4  1/2-1/2

[Event "28th Schwarzacher Open"]
[Site "Schwarzach AUT"]
[Date "2013.08.17"]
[Round "1.9"]
[White "Kovacevic,Bl"]
[Black "Zikeli,S"]
[Result "1/2-1/2"]
[WhiteElo "2429"]
[BlackElo "2124"]

1.d4 Nf6 2.Bg5 Ne4 3.Bf4 c5 4.f3 Nf6 5.dxc5 Qa5+ 6.Nc3 Qxc5 7.e4 d6 8.Qd2 a6
9.O-O-O Nbd7 10.Kb1 b5 11.Be3 Qc7 12.g4 Nb6 13.g5 Nfd7 14.Nd5 Nxd5 15.exd5 Bb7
16.Nh3 Ne5 17.f4 Nc4 18.Bxc4 Qxc4 19.Rhf1 e6 20.dxe6 fxe6 21.Nf2 Be7 22.b3 Qc7
23.Bd4 O-O 24.Qe3 Bd5 25.Ne4 b4 26.c4 Bb7 27.Ng3 Bc8 28.Bb2 a5 29.Qd4 Rf7
30.h4 Qa7 31.Qxa7 Rxa7 32.Ne4 Rd7 33.Ng3 Rd8 34.Bd4 Rdf8 35.Be3 Bb7 36.Rfe1 d5
37.c5 Rc8 38.Rc1 Bf8 39.Ne2 Ba6 40.Nd4 Bxc5 41.Nxe6 Bxe3 42.Rxe3 Rxc1+ 43.Kxc1 Bc8
44.h5 Re7 45.f5 g6 46.hxg6 hxg6 47.Kd2 gxf5 48.Nf4 Re4 49.Nxd5 Rd4+ 50.Rd3 Rxd3+
51.Kxd3 Kf7 52.Kd4 Bb7 53.Nf4 Be4 54.Kc5 Bb1 55.Kb5 Bxa2 56.Kxa5 Bxb3 57.Kxb4 Ba2
58.Kc5  1/2-1/2

[Event "22nd Feffernitz Open 2013"]
[Site "Feffernitz GER"]
[Date "2013.08.18"]
[Round "2.8"]
[White "Kesik,KD"]
[Black "Schuhmacher,J"]
[Result "1-0"]
[WhiteElo "2233"]
[BlackElo "1990"]

1.d4 Nf6 2.Bg5 Ne4 3.Bf4 c5 4.f3 Qa5+ 5.c3 Nf6 6.Nd2 cxd4 7.Nb3 Qb6 8.Qxd4 Nc6
9.Qxb6 axb6 10.a3 Nd5 11.Bd2 f5 12.Nd4 g6 13.Nb5 Na7 14.e4 fxe4 15.fxe4 Nxb5
16.Bxb5 Nc7 17.Bd3 Bg7 18.Be3 Ne6 19.Bxb6 Nf4 20.Bf1 Ra4 21.O-O-O Rxe4 22.g3 Ne6
23.Bd3 Re5 24.Nf3 Rd5 25.Bxg6+ hxg6 26.Rxd5 d6 27.h4 Bd7 28.Rf1 Bc6 29.Ra5 O-O
30.Nd2 Be5 31.Rxf8+ Kxf8 32.Bf2 b6 33.Rxe5 dxe5 34.Bxb6 Kf7 35.Nf1 Ng7 36.Bf2 Ke6
37.Ne3 Nf5 38.b3 Nxe3 39.Bxe3 Kf5 40.Bc5 e6 41.Bd6 e4 42.Kd2 e5 43.c4 Ke6
44.Bb8 Bb7 45.b4 Bc8 46.b5 Kf5 47.a4 Be6 48.c5 Kg4 49.Bxe5 Kf3 50.Bf4 Bb3
51.c6 Be6 52.b6  1-0

[Event "12th Lichtenberger Sommer"]
[Site "Berlin GER"]
[Date "2013.08.19"]
[Round "3.70"]
[White "Sidabras,Jonas"]
[Black "Batzaya,A"]
[Result "1-0"]
[WhiteElo "1687"]
[BlackElo "1952"]

1.d4 Nf6 2.Bg5 Ne4 3.Bf4 g5 4.Bc1 e6 5.f3 Nd6 6.Nd2 Nc6 7.c3 Nf5 8.Ne4 h6
9.Qc2 d5 10.Nf2 e5 11.e4 Nh4 12.dxe5 d4 13.Bd2 Bg7 14.O-O-O O-O 15.g3 Ng6
16.f4 Qe7 17.Bh3 dxc3 18.Qxc3 a5 19.Bxc8 Rfxc8 20.Nf3 Ra6 21.Kb1 Nb4 22.Nd4 c5
23.Qc4 Qe8 24.Nf5 b5 25.Nxg7 Kxg7 26.Qc3 Qe6 27.b3 Qe7 28.Be3 a4 29.e6+ Kh7
30.f5 axb3 31.fxg6+ Kxg6 32.axb3 Rca8 33.Rd2 Qxe6 34.Bxc5 Ra1+ 35.Qxa1 Rxa1+
36.Kxa1 Qxb3 37.Bxb4 Qxb4 38.Rhd1 Qa4+ 39.Kb1 b4 40.Rb2 Qb5 41.Rd6+ Kg7 42.Rd1 Qc4
43.e5 h5 44.Nd3 b3 45.Nc1 Qe4+ 46.Rd3 Qxe5 47.Rbxb3 Qe4 48.Kc2 h4 49.gxh4 Qxh4
50.Rd2 Qe4+ 51.Rbd3 Kg6 52.Re2 Qf4 53.Rde3 Qc4+ 54.Kd2 f5 55.Nd3 Qa4 56.Ke1 f4
57.Re6+ Kh5 58.R2e5 Kg4 59.Nf2+ Kf3 60.Kf1 Qc2 61.Re2 Qc1+ 62.Re1 Qc4+ 63.Kg1 g4
64.Rd6 g3 65.Rd3+ Qxd3 66.Nxd3 g2 67.Ne5+  1-0

[Event "3rd Isthmia Open"]
[Site "Vrachati GRE"]
[Date "2013.08.19"]
[Round "2.12"]
[White "Papadimitriou,L"]
[Black "Nestorovic,N"]
[Result "0-1"]
[WhiteElo "2104"]
[BlackElo "2462"]

1.d4 Nf6 2.Bg5 Ne4 3.Bf4 c5 4.e3 Qb6 5.Nc3 Nxc3 6.bxc3 d6 7.Rb1 Qa5 8.Bb5+ Bd7
9.Bxd7+ Nxd7 10.Ne2 Qxa2 11.O-O Qa6 12.e4 g6 13.Re1 Bg7 14.Qd2 Qc6 15.Ng3 h5
16.h4 e5 17.Be3 Nf6 18.f3 b6 19.Bg5 Nh7 20.d5 Qd7 21.Nf1 Nxg5 22.hxg5 b5
23.c4 b4 24.c3 a5 25.Ne3 Qe7 26.Nc2 O-O 27.Ra1 Qd7 28.Reb1 Rfb8 29.Kf2 Bf8
30.cxb4 cxb4 31.Ne3 Qc7 32.g4 h4 33.Rh1 Be7 34.Rxh4 Bxg5 35.Rah1 Qc5 36.Ke2 Qxe3+
37.Qxe3 Bxe3 38.Kxe3 Kf8 39.f4 exf4+ 40.Kxf4 Ke7 41.c5 b3 42.cxd6+ Kxd6 43.R4h2 a4
44.Rd2 Rb4  0-1

[Event "ch-ESP w 2013"]
[Site "Linares ESP"]
[Date "2013.08.20"]
[Round "3.1"]
[White "Fidalgo Fernandez,L"]
[Black "Calzetta Ruiz,M"]
[Result "0-1"]
[WhiteElo "2137"]
[BlackElo "2221"]

1.d4 Nf6 2.Bg5 Ne4 3.Bf4 c5 4.f3 Nf6 5.dxc5 e5 6.Bxe5 Bxc5 7.Bd4 Bxd4 8.Qxd4 O-O
9.Nc3 d5 10.e3 Nc6 11.Qd2 Re8 12.O-O-O Qb6 13.g4 Qxe3 14.Qxe3 Rxe3 15.g5 d4
16.Nb5 Nd5 17.Ne2 d3 18.Rxd3 Rxd3 19.cxd3 Ndb4 20.Ned4 Nxa2+ 21.Kd2 Bd7 22.Bg2 a6
23.Nxc6 Bxc6 24.Nd4 Bd5 25.Bh3 Nb4 26.Bf5 g6 27.Be4 Rd8 28.Ke3 Rc8 29.Kd2 Rd8
30.Ke3 h6 31.h4 hxg5 32.hxg5 Rc8 33.Kd2 Rc5 34.Rg1 Kf8 35.Rg2 b6 36.Rg4 a5
37.Rg2 Ke7 38.Rg4 Kd6 39.Rg2 Ke5 40.Ke3 Rc1 41.f4+ Kd6 42.f5 Re1+ 43.Kf4 Nxd3+
44.Bxd3 Bxg2 45.fxg6 fxg6 46.Bxg6 Kc5 47.Nb3+ Kb4 48.Nd4 Rd1 49.Ke3 Bd5 50.Bc2 Rg1
51.g6 a4 52.Kf4 b5 53.Bd3 Bc4 54.Be4 Kc5 55.Nf3 Rg2 56.Ne5 Rxb2 57.g7 Bg8
58.Nd3+ Kd4 59.Nxb2 a3 60.Bb1 b4 61.Na4 b3 62.Nb2 a2  0-1

[Event "e2e4 Coventry Open"]
[Site "Coventry ENG"]
[Date "2013.08.23"]
[Round "1"]
[White "Bourne,Jo"]
[Black "Hebden,M"]
[Result "0-1"]
[WhiteElo "2015"]
[BlackElo "2545"]

1.d4 Nf6 2.Bg5 Ne4 3.Bf4 c5 4.f3 Qa5+ 5.c3 Nf6 6.d5 Qb6 7.e4 Qxb2 8.Nd2 Qxc3
9.Ne2 Qa5 10.Kf2 d6 11.Nc4 Qd8 12.a4 g6 13.Ra3 Bg7 14.h4 Na6 15.Ng3 h5 16.Be2 Nb4
17.Qd2 b6 18.Rd1 Nd7 19.Bxd6 exd6 20.Nxd6+ Kf8 21.f4 Bd4+ 22.Kf1 Qxh4 23.e5 Qh2
24.Bb5 Qg1+ 25.Ke2 Qf2+  0-1

[Event "15th Sants Open 2013"]
[Site "Barcelona ESP"]
[Date "2013.08.24"]
[Round "2.7"]
[White "Avila Jimenez,J"]
[Black "Kulaots,K"]
[Result "0-1"]
[WhiteElo "2242"]
[BlackElo "2581"]

1.d4 Nf6 2.Bg5 Ne4 3.Bf4 d6 4.Nd2 Bf5 5.f3 Nxd2 6.Qxd2 Nc6 7.e4 Bd7 8.Be3 e5
9.d5 Ne7 10.g4 Ng6 11.g5 h6 12.gxh6 Qh4+ 13.Qf2 gxh6 14.O-O-O Be7 15.Kb1 Qxf2
16.Bxf2 f5 17.Bd3 Nf4 18.Ne2 Nxd3 19.cxd3 O-O-O 20.Rhg1 Rdf8 21.Be3 h5 22.Rdf1 a6
23.Kc2 fxe4 24.fxe4 Bh3 25.Rxf8+ Rxf8 26.Rg7 Kd8 27.Ng3 h4 28.Nh5 Ke8 29.Rh7 Rf7
30.Rh8+ Kd7 31.Kd2 Bg4 32.b3 c6 33.dxc6+ bxc6 34.Rh6 d5 35.exd5 cxd5 36.Ke1 d4
37.Bd2 Bf5 38.Ke2 Kc7 39.a4 Kb7 40.b4 Bd7 41.a5 Bg4+ 42.Ke1 Kc7 43.Rxa6 Bxh5
44.h3 Rg7 45.b5 Rg1+ 46.Kf2 Rb1 47.Re6 Bd6 48.a6 Rb2 49.Ke1 Rxb5 50.a7 Rb1+
51.Kf2 Ra1 52.Rh6 Be8 53.Rxh4 Rxa7 54.Rh7+ Bd7  0-1

[Event "12th Lichtenberger Sommer"]
[Site "Berlin GER"]
[Date "2013.08.24"]
[Round "8.19"]
[White "Gaerths,R"]
[Black "Penner,M"]
[Result "1/2-1/2"]
[WhiteElo "2221"]
[BlackElo "2026"]

1.d4 Nf6 2.Bg5 Ne4 3.Bf4 c5 4.f3 Qa5+ 5.c3 Nf6 6.Nd2 cxd4 7.Nb3 Qb6 8.Qxd4 Nc6
9.Qxb6 axb6 10.Nd4 Nxd4 11.cxd4 Nd5 12.Bd2 e6 13.Rc1 Nb4 14.a3 Nc6 15.e3 d5
16.Bb5 Bd7 17.Ne2 Na5 18.Bxa5 bxa5 19.Nc3 Bd6 20.Kd2 Ke7 21.Bxd7 Kxd7 22.Na4 Ra6
23.Kd3 Rc8 24.Rxc8 Kxc8 25.e4 dxe4+ 26.fxe4 Rc6 27.Nc3 Kd7 28.Rf1 Ke7 29.h3 f6
30.Re1 Rc8 31.Re2 h5 32.Rc2 Kd7 33.Re2 Ke7  1/2-1/2

[Event "3rd Budapest Open"]
[Site "Budapest HUN"]
[Date "2013.08.24"]
[Round "8.7"]
[White "Mester,A"]
[Black "Bodrogi,L"]
[Result "1-0"]
[WhiteElo "2073"]
[BlackElo "2015"]

1.d4 Nf6 2.Bg5 Ne4 3.Bf4 c5 4.f3 Qa5+ 5.c3 Nf6 6.Nd2 cxd4 7.Nb3 Qf5 8.Bxb8 Rxb8
9.Qxd4 b6 10.e4 Qf4 11.Nh3 Qh4+ 12.g3 Qh5 13.Nf4 Qxf3 14.Bg2 Qg4 15.O-O Qg5
16.e5 Ng4 17.Rae1 e6 18.h4 Qd8 19.Nxe6 dxe6 20.Qxg4 Bb7 21.Qa4+ Ke7 22.Qxa7 Qc7
23.Qa3+ Kd8 24.Rd1+ Kc8 25.Qa4 Bxg2 26.Kxg2 Bc5 27.Qb5 Rb7 28.Qe2 Ra7 29.a3 g5
30.h5 Bf8 31.Rd4 Qb7+ 32.Kh2 Bg7 33.Rd6 Ra4 34.Qb5 Ra6 35.Rxf7 Qxf7 36.Qxa6+ Qb7
37.Rc6+  1-0

[Event "20th Graz Open 2013"]
[Site "Graz AUT"]
[Date "2013.08.25"]
[Round "2.10"]
[White "Loebler,H"]
[Black "Zagorsek,David"]
[Result "1-0"]
[WhiteElo "2148"]
[BlackElo "1734"]

1.d4 Nf6 2.Bg5 Ne4 3.Bf4 d5 4.f3 Nf6 5.e4 dxe4 6.Nc3 e3 7.Bxe3 g6 8.Bc4 Bg7
9.Qd2 O-O 10.Nge2 Nc6 11.Ne4 Nd5 12.Bh6 a6 13.h4 Bf5 14.h5 b5 15.Bb3 Nf6
16.hxg6 Bxg6 17.Bxg7 Kxg7 18.Qh6+ Kh8 19.Nxf6 exf6 20.O-O-O Qd7 21.g4 Na5
22.Nf4 Nxb3+ 23.axb3 Rg8 24.Rh2 Rg7 25.Nh5 Bxh5 26.Rxh5 Qc6 27.Rf5 Rg6 28.Qf4 Qe6
29.Rh1 Kg8 30.Rfh5 Rg7 31.Rh6 Re8 32.Rxf6 Qe7 33.Rc6 Qe2 34.Rd1 Re3 35.Rxc7 Re8
36.d5 Qf2 37.d6 Rd8 38.d7 f6 39.Qe4 Kf8 40.Re1  1-0

[Event "TCh-SRB 1st League w 2013"]
[Site "Kragujevac SRB"]
[Date "2013.08.25"]
[Round "2.3"]
[White "Djukic,Sa"]
[Black "Milivojevic,Jelena"]
[Result "1-0"]
[WhiteElo "2189"]
[BlackElo "1944"]

1.d4 Nf6 2.Bg5 Ne4 3.Bf4 d5 4.e3 Bf5 5.Nf3 e6 6.Bd3 c6 7.O-O Be7 8.c4 dxc4
9.Bxc4 Nd7 10.Nbd2 g5 11.Be5 Rg8 12.Nxe4 Bxe4 13.Bg3 h5 14.Nd2 Bg6 15.h3 Nb6
16.Be2 h4 17.Be5 f6 18.Bh2 Bd6 19.Bxd6 Qxd6 20.a4 Nd5 21.Nc4 Qc7 22.Bg4 Kf7
23.Qb3 Qe7 24.a5 Rgd8 25.Rac1 Qb4 26.Qd1 b5 27.axb6 Nxb6 28.Nxb6 Qxb6 29.Qa4 Rac8
30.b4 Rc7 31.Bf3 Bd3 32.Rfd1 Qb5 33.Qa2 Bg6 34.Rc4 Kg7 35.Rdc1 Be8 36.Rc5 Qxb4
37.Rb1 Qxc5 38.dxc5 Bf7 39.Qa5 Rdc8 40.Qa6 f5 41.e4 Bg6 42.exf5 exf5 43.Rb7 Kh6
44.Rxa7  1-0

[Event "ch-ESP Rapid 2013"]
[Site "Linares ESP"]
[Date "2013.08.26"]
[Round "2.3"]
[White "Alvarez Fernandez,E"]
[Black "Miton,K"]
[Result "0-1"]
[WhiteElo "2385"]
[BlackElo "2609"]

1.d4 Nf6 2.Bg5 Ne4 3.Bf4 d5 4.e3 e6 5.Nd2 Nf6 6.Bd3 Be7 7.Ngf3 b6 8.Ne5 Bb7
9.O-O O-O 10.Bg5 Ne4 11.Bxe7 Qxe7 12.f3 Nxd2 13.Qxd2 c5 14.c3 f6 15.Ng4 Nc6
16.Rad1 Rad8 17.Qe2 f5 18.Ne5 Nxe5 19.dxe5 c4 20.Bc2 b5 21.a3 a5 22.Qd2 Qc5
23.Qd4 Qxd4 24.Rxd4 Bc6 25.Rfd1 Rb8 26.e4 g6 27.exf5 gxf5 28.g4 f4 29.Kg2 Be8
30.h4 Bg6 31.R1d2 b4 32.axb4 axb4 33.Kh3 Kg7 34.Kg2 Rb6 35.Kf2 Rf7 36.Kg2 Rb8
37.Kh3 bxc3 38.bxc3 Ra8 39.Bxg6 hxg6 40.Rc2 Ra1 41.Kg2 g5 42.hxg5 Kg6 43.Rb2 Rh7
44.Rxf4 Rah1 45.Rb8 Kxg5 46.Rf6 R1h2+ 47.Kg1 Rc2 48.Rg8+ Kh4 49.Kf1 Kg3  0-1

[Event "XXX Collado Villalba Open 2013"]
[Site "Collado Villalba ESP"]
[Date "2013.08.27"]
[Round "5.4"]
[White "Unciti Juan,J"]
[Black "Renteria,J"]
[Result "1-0"]
[WhiteElo "2128"]
[BlackElo "2323"]

1.d4 Nf6 2.Bg5 Ne4 3.Bf4 c5 4.f3 Qa5+ 5.c3 Nf6 6.d5 e6 7.e4 Qb6 8.Na3 exd5
9.exd5 d6 10.Bb5+ Nbd7 11.Qe2+ Kd8 12.O-O-O a6 13.Bxd7 Bxd7 14.g4 Qa5 15.Nh3 h6
16.Nf2 b5 17.Kb1 Qa4 18.Bc1 Be7 19.Rhe1 Re8 20.Qd3 Rb8 21.Ka1 Qa5 22.h3 Qc7
23.Bf4 Qb6 24.Nc2 a5 25.Re2 b4 26.c4 Ba4 27.Rde1 Bf8 28.Rxe8+ Nxe8 29.Ne3 g6
30.h4 Bd7 31.h5 g5 32.Bg3 a4 33.Nf5  1-0

[Event "TCh-SRB 1st League 2013"]
[Site "Kragujevac SRB"]
[Date "2013.08.27"]
[Round "4.5"]
[White "Bogosavljevic,B"]
[Black "Boskovic,D"]
[Result "1-0"]
[WhiteElo "2552"]
[BlackElo "2427"]

1.d4 Nf6 2.Bg5 Ne4 3.Bf4 d5 4.e3 c5 5.Bd3 Nf6 6.c3 Nc6 7.Nd2 Bg4 8.Ngf3 e6
9.O-O Bd6 10.Qb3 Qe7 11.Bxd6 Qxd6 12.Qa3 Nd7 13.e4 Bxf3 14.Nxf3 O-O 15.Rad1 Rfd8
16.Rfe1 h6 17.exd5 exd5 18.Bf5 b6 19.c4 Nf6 20.dxc5 Qxc5 21.Qxc5 bxc5 22.cxd5 Rxd5
23.Rxd5 Nxd5 24.Rc1 Nce7 25.Rxc5 Rb8 26.b3 Rd8 27.Bd3 Nb4 28.Bf1 Nxa2 29.Rc7 Nf5
30.Rxa7 Nc3 31.g3 Rd1 32.Kg2 Nd5 33.Be2 Rc1 34.Bc4 Rd1 35.Ne5 Nd6 36.Ra8+ Kh7
37.Bd3+  1-0

[Event "Petersburg Summer Blitz 2013"]
[Site "St Petersburg RUS"]
[Date "2013.08.28"]
[Round "2.12"]
[White "Demidov,M"]
[Black "Bronnikova,E"]
[Result "1-0"]
[WhiteElo "2494"]
[BlackElo "2245"]

1.d4 Nf6 2.Bg5 Ne4 3.Bf4 d5 4.f3 Nf6 5.Nc3 c6 6.e4 dxe4 7.fxe4 Bg4 8.Qd2 e6
9.Be2 Bxe2 10.Ngxe2 Nbd7 11.O-O Be7 12.Kh1 Nb6 13.Qd3 Qd7 14.Rad1 O-O 15.Be5 Ne8
16.Bg3 Rd8 17.Ng1 Bf6 18.Nf3 Qe7 19.e5 Bg5 20.Ne4 Bh6 21.Bh4 f6 22.exf6 gxf6
23.Rde1 Nd5 24.Nc5 Nf4 25.Qb3 Ng7 26.Bg3 Nd5 27.Qxb7 Qxb7 28.Nxb7 Rd7 29.Nc5 Re7
30.Bd6 Rfe8 31.Bxe7 Rxe7 32.c3 Ne3 33.Rf2 Ngf5 34.Rfe2 Kf7 35.Nd2 Nc2 36.Rb1 Nce3
37.Nf1 Nd5  1-0

[Event "Petersburg Summer Blitz 2013"]
[Site "St Petersburg RUS"]
[Date "2013.08.28"]
[Round "12.11"]
[White "Sotsky,A"]
[Black "Maslak,K"]
[Result "1/2-1/2"]
[WhiteElo "2384"]
[BlackElo "2566"]

1.d4 Nf6 2.Bg5 Ne4 3.Bh4 c5 4.f3 Nf6 5.d5 Qb6 6.e4 g6 7.Nc3 Bg7 8.Bc4 d6
9.Nge2 Qxb2 10.O-O Qb4 11.Bb5+ Nbd7 12.e5 Qxh4 13.exf6 Bxf6 14.Rb1 O-O 15.Bxd7 Bxd7
16.Rxb7 Bc8 17.Rb3 Ba6 18.Ne4 Bg7 19.Re1 Rfb8 20.g3 Qh3 21.Nf4 Qd7 22.Qb1 Qd8
23.Ng5 Bc4 24.Rxb8 Rxb8 25.Qc1 Bf6 26.Ne4 Be5 27.Kg2 Bxf4 28.Qxf4 Bxd5 29.h4 Bxe4
30.Qxe4 e6 31.h5 Qg5 32.hxg6 Qxg6 33.Qc4 Rb4 34.Qc3 Qg7 35.Qd3 Qd4 36.Qa6 Rb2
37.Re2 c4 38.Qc8+ Kg7 39.Qd8 Qc5 40.Rd2 c3 41.Re2 Rxa2 42.g4 Qd5 43.g5 Ra5
44.Qf6+ Kf8 45.Qd8+  1/2-1/2

[Event "24th Porto San Giorgio Open"]
[Site "Porto San Giorgio ITA"]
[Date "2013.08.29"]
[Round "9.9"]
[White "Bentivegna,F"]
[Black "Sgnaolin,D"]
[Result "1/2-1/2"]
[WhiteElo "2293"]
[BlackElo "2238"]

1.d4 Nf6 2.Bg5 Ne4 3.Bh4 c5 4.f3 g5 5.fxe4 gxh4 6.e3 d5 7.exd5 Qxd5 8.Nc3 Qg5
9.Bb5+ Bd7 10.Qf3 Nc6 11.Ne4 Qg6 12.Nxc5 Bg4 13.Qf2 e5 14.Nf3 Bxf3 15.Qxf3 Bxc5
16.dxc5 O-O-O 17.Bd3 Qg5 18.O-O-O Qe7 19.Be4 Qxc5 20.Kb1 Rxd1+ 21.Rxd1 Rd8
22.Qf5+ Kb8 23.Rxd8+ Nxd8 24.Qd7 Qc7 25.Qxc7+ Kxc7 26.Bxh7 Ne6 27.Kc1 Ng5
28.Bf5 e4 29.c4 Kd6 30.Kc2 Ke5 31.Bc8 b6 32.b4 f5 33.c5 Kd5 34.Bxf5 bxc5
35.bxc5 Kxc5 36.Bc8 Kd5 37.Kc3 Nf7 38.Ba6 Nd6 39.Be2 Nf5 40.Kd2 Ke5 41.Bg4 Nd6
42.Kc3 Nb5+ 43.Kd2 Nd6 44.g3 Nc4+ 45.Ke2 hxg3 46.hxg3 Nb6 47.Bh5 Nd5 48.Kd2 Kf5
49.Bd1 Nf6 50.Kc3 Ke5 51.g4 Nd5+ 52.Kd2 Nf6 53.g5 Nd5 54.g6 Ne7 55.g7 Kf6
56.Bc2 Kxg7 57.Bxe4 Kf6 58.Kc3 Ke5 59.Bg2 Nf5 60.Kd3 Nd6 61.Bc6 Nf5 62.Bd7 Nd6
63.Bc6 Nf5 64.a3 Nd6 65.a4 Nf5 66.a5 Kd6 67.Bb7 Nxe3 68.Kxe3 Kc5 69.a6 Kb6
70.Kd4 Kc7 71.Kc5 Kb8 72.Be4 Kc7 73.Bd3 Kb8 74.Kd6 Kc8 75.Bf5+ Kb8 76.Kd7 Ka8
77.Be6 Kb8 78.Bg4 Ka8 79.Bh3 Kb8 80.Kc6 Ka8 81.Bf5 Kb8 82.Be4 Kc8 83.Bg6 Kb8
84.Kd7 Ka8 85.Kc6 Kb8 86.Bf5 Ka8 87.Bc8 Kb8 88.Bb7  1/2-1/2

[Event "ch-POR 2013"]
[Site "Lisbon POR"]
[Date "2013.09.05"]
[Round "4.4"]
[White "Fernandes,Ant"]
[Black "Silva,Luis"]
[Result "1-0"]
[WhiteElo "2383"]
[BlackElo "2281"]

1.d4 Nf6 2.Bg5 Ne4 3.Bh4 g5 4.f3 gxh4 5.fxe4 e5 6.Nf3 exd4 7.Qxd4 Rg8 8.Qe5+ Qe7
9.Qxc7 Nc6 10.Nc3 Rg6 11.O-O-O Qc5 12.Nxh4 Qg5+ 13.e3 Qxh4 14.Qf4 Qxf4 15.exf4 Be7
16.Nd5 Bd8 17.e5 b6 18.Bd3 Rg7 19.Bf5 d6 20.Be4 Bd7 21.Nf6+ Bxf6 22.exf6 Rg8
23.Rxd6 Rc8 24.Re1 Kd8 25.Bf5 Nb8 26.Re7 Rc7 27.Rxf7 Kc8 28.Rg7 Rf8 29.Bxh7 Rc6
30.Rxc6+ Bxc6 31.g4 Rxf6 32.Bf5+ Bd7 33.Rg8+ Kc7 34.Rg7 Kd8 35.Bxd7 Nxd7
36.f5 Rh6 37.g5 Rxh2 38.f6 Rf2 39.b4 a5 40.bxa5 bxa5 41.Kb2 Rf3 42.c3 a4
43.Ka3 Rxc3+ 44.Kxa4 Rf3 45.f7 Ne5 46.Rg8+ Ke7 47.Re8+  1-0

[Event "10th LGA Premium Cup GpB"]
[Site "Nuernberg GER"]
[Date "2013.09.05"]
[Round "1.1"]
[White "Maiwald,JU"]
[Black "Gutman,L"]
[Result "1-0"]
[WhiteElo "2460"]
[BlackElo "2432"]

1.d4 Nf6 2.Bg5 Ne4 3.Bf4 d5 4.e3 c6 5.Bd3 Qb6 6.Qc1 Nd7 7.Bxe4 dxe4 8.Nd2 Nf6
9.Ne2 Bf5 10.O-O Bg6 11.h3 e6 12.c4 c5 13.Be5 Nd7 14.Nf4 f5 15.b4 Nxe5 16.bxc5 Qc6
17.dxe5 Bxc5 18.Nb3 Bf7 19.Rb1 O-O 20.Na5 Qa6 21.Nxb7 Rac8 22.Qc2 Rc7 23.Nxc5 Rxc5
24.Rfc1 Rfc8 25.Qb2 Qa5 26.Ne2 Qc7 27.Qb7 g5 28.Rd1 Bh5 29.g4 fxg4 30.Ng3 Bg6
31.hxg4 Rxc4 32.Qxc7 R8xc7 33.Rd6 Kf7 34.Ra6 R4c5 35.Rb4 Rxe5 36.Rba4 Kf6
37.Rxa7 Rc2 38.R4a5 Rd5 39.Rxd5 exd5 40.a4 Ke5 41.Kf1 Ra2 42.Ne2 h5 43.Nd4 hxg4
44.Kg2 g3 45.Kxg3 Bf5 46.a5 Bc8 47.Rc7 Bf5 48.Rf7 Bc8 49.Rc7 Bf5 50.Rb7 Bc8
51.Rb6 Bd7 52.a6 Ra1 53.Rg6 Rg1+ 54.Kh2 Ra1 55.Kg2 Ra4 56.Rxg5+ Kd6 57.Rg6+ Kc7
58.Kg3 Ra2 59.Rf6 Be8 60.Ne6+ Kd7 61.Ng7 Ra4 62.Nxe8 Kxe8 63.Rd6 Kf7 64.Kf4 Ra2
65.Rxd5 Rxf2+ 66.Kxe4 Ra2 67.Rd6 Ke7 68.Rh6 Ra4+ 69.Kd5  1-0

[Event "10th LGA Premium Cup GpB"]
[Site "Nuernberg GER"]
[Date "2013.09.06"]
[Round "3.1"]
[White "Gabriel,Ch"]
[Black "Gutman,L"]
[Result "0-1"]
[WhiteElo "2495"]
[BlackElo "2432"]

1.d4 Nf6 2.Bg5 Ne4 3.Bf4 d5 4.e3 g6 5.Bd3 Nd6 6.Be5 f6 7.Bxd6 Qxd6 8.Nc3 Bg7
9.h4 e5 10.dxe5 fxe5 11.Nxd5 e4 12.Bxe4 Bxb2 13.Rb1 Bg7 14.Nf3 Nd7 15.Ng5 Nc5
16.h5 c6 17.h6 Be5 18.f4 Nxe4  0-1

[Event "Svenska Cup 2013"]
[Site "Linkoping SWE"]
[Date "2013.09.07"]
[Round "3.6"]
[White "Fransson,Pa"]
[Black "Ziegler,A"]
[Result "0-1"]
[WhiteElo "2133"]
[BlackElo "2326"]

1.d4 Nf6 2.Bg5 Ne4 3.h4 c5 4.d5 Qb6 5.Nd2 Nxg5 6.hxg5 Qxb2 7.e4 g6 8.Bc4 h6
9.Rb1 Qg7 10.Ngf3 hxg5 11.Rxh8 Qxh8 12.Nxg5 Qh1+ 13.Bf1 Bh6 14.Rb3 Qh4 15.Ndf3 Qh5
16.Qa1 f6 17.Nh3 d6 18.Qb2 b6 19.a4 Bxh3 20.gxh3 Nd7 21.a5 Rb8 22.Qa3 Ne5
23.Nxe5 Qxe5 24.Qa4+ Kf7 25.Bd3 Qf4 26.Qd7 c4 27.Bxc4 Qc1+ 28.Ke2 Qxc2+ 29.Kf3 Qxc4
30.Qe6+ Kf8 31.Ra3 bxa5 32.Qg4 Qc8 33.Qh4 Kg7 34.Kg2 Bg5 35.Qg3 Qc4 36.Qg4 Rb1
37.Kf3 Qc1 38.Qd7 Qh1+  0-1

[Event "Chepukaitis Mem Blitz Prelim 2013"]
[Site "St Petersburg RUS"]
[Date "2013.09.07"]
[Round "8.6"]
[White "Sotsky,A"]
[Black "Lovkov,R"]
[Result "0-1"]
[WhiteElo "2384"]
[BlackElo "2461"]

1.d4 Nf6 2.Bg5 Ne4 3.Bh4 c5 4.f3 Qa5+ 5.c3 Nd6 6.dxc5 Qxc5 7.Bf2 Qc7 8.e4 Nc6
9.Nd2 g6 10.Nh3 Bg7 11.Nf4 O-O 12.Be2 b6 13.O-O Bb7 14.Nd5 Qd8 15.Qa4 Ne8
16.Bh4 f6 17.Ba6 Bxa6 18.Qxa6 e6 19.Ne3 Qe7 20.Rad1 Bh6 21.Bf2 f5 22.Rfe1 Qf7
23.exf5 gxf5 24.Nb3 Nf6 25.Nd4 Nxd4 26.Rxd4 Kh8 27.Red1 Rg8 28.Qc4 Rac8 29.Qb3 Qh5
30.Bg3 Bxe3+  0-1

[Event "Svenska Cup 2013"]
[Site "Linkoping SWE"]
[Date "2013.09.08"]
[Round "6.6"]
[White "Fransson,Pa"]
[Black "Aira,Johannes"]
[Result "1-0"]
[WhiteElo "2133"]
[BlackElo "2089"]

1.d4 Nf6 2.Bg5 Ne4 3.h4 c5 4.d5 Qb6 5.Nd2 Nxg5 6.hxg5 h5 7.e4 g6 8.Nc4 Qc7
9.Qd2 d6 10.Qc3 Rg8 11.a4 Nd7 12.f4 Bg7 13.Qb3 Nb6 14.Nd2 Bg4 15.Bb5+ Kf8
16.Ne2 Rc8 17.Bc4 Rb8 18.Rf1 Bd7 19.f5 gxf5 20.Qf3 Bxb2 21.Rb1 Be5 22.Qxh5 Rh8
23.Qf3 Nxa4 24.Ng3 Qc8 25.Bb5 e6 26.dxe6 Bxg3+ 27.Qxg3 Bxb5 28.Qxd6+ Ke8
29.exf7+ Kxf7 30.Qf6+ Kg8 31.Qg6+ Kf8 32.Rxf5+ Qxf5 33.Qxf5+ Ke7 34.Rxb5 Rh1+
35.Nf1  1-0

[Event "10th LGA Premium Cup GpB"]
[Site "Nuernberg GER"]
[Date "2013.09.08"]
[Round "6.2"]
[White "Maiwald,JU"]
[Black "Renner,Christo"]
[Result "0-1"]
[WhiteElo "2460"]
[BlackElo "2402"]

1.d4 Nf6 2.Bg5 Ne4 3.Bf4 d5 4.e3 Bf5 5.f3 Nd6 6.Nc3 e6 7.Bd3 c6 8.Nge2 Nd7
9.e4 Bg6 10.Qd2 Be7 11.h4 Bxh4+ 12.g3 Be7 13.O-O-O Nb6 14.b3 Ndc4 15.Qe1 Ba3+
16.Kb1 Nb2 17.Rd2 a5 18.Be3 N2c4 19.bxc4 dxc4 20.Ka1 Bb4 21.Qc1 O-O 22.Qb2 cxd3
23.cxd3 Qe7 24.f4 f5 25.d5 Ra6 26.dxe6 fxe4 27.Bxb6 exd3 28.Nd4 Rxb6 29.Na4 Ra6
30.Rf2 c5 31.Nf3 Rxe6 32.a3 b5  0-1

[Event "Satka Autumn 2013"]
[Site "Satka RUS"]
[Date "2013.09.08"]
[Round "6"]
[White "Khlichkova,T"]
[Black "Makarenko,A"]
[Result "1-0"]
[WhiteElo "2222"]
[BlackElo "2103"]

1.d4 Nf6 2.Bg5 Ne4 3.Bf4 c5 4.f3 Qa5+ 5.c3 Nf6 6.d5 Qb6 7.Bc1 e6 8.e4 d6
9.c4 Be7 10.Bd3 O-O 11.Nc3 exd5 12.exd5 Nbd7 13.f4 Re8 14.Nge2 Nf8 15.h3 Ng6
16.O-O Bd7 17.Ng3 Qd8 18.a4 Qc8 19.Qc2 Bf8 20.Kh2 b6 21.b3 a6 22.Bb2 Rb8
23.Nce2 Qd8 24.Nf5 b5 25.axb5 axb5 26.Neg3 bxc4 27.bxc4 Kh8 28.Bc3 Rb7 29.Ra6 Bc8
30.Ra8 Bxf5 31.Rxd8 Bxd3 32.Qxd3 Rxd8 33.Bxf6 gxf6 34.Nf5 Bg7 35.Qg3 Rbd7
36.Re1 Bf8 37.h4 Ne7 38.Qg4 Nxf5 39.Qxf5 Bh6 40.Rb1 Kg7 41.Rb3 Kf8 42.Rg3  1-0